000 00894cab a2200217 4500
001 WB2807-34
008 090401t1992 xxu||||| |||| 00| 0 eng d
035 _a(Sirsi) u33334
041 _aeng
245 _aTreasury admits housing market miscalculation
260 _c1992
350 _a0
490 _aFinancial Times
_v11 February 1992, 5(1)
520 _aThe Treasury admits that its forecasting techniques have failed to take into account the extent to which the depression in the housing market has influenced the recession. The Treasury is expected to introduce a new form of computer model incorporating new equations between consumer spending and the value of housing stock.
650 _aCOMPUTER MODELLING
650 _aECONOMIC FORECASTING
650 _aECONOMY
690 _aPROPERTY-RESIDENTIAL PROPERTY-RESIDENTIAL PROPERTY MARKET
942 _n0
948 _c04/03/1997
999 _c22280
_d22280